000 01306nam a2200349Ia 4500
001 dia_5666
003 CHAP
005 20250616093315.0
007 ta
008 220117s1999 xx 000 0 und d
040 _cCHAP
_amxchpua
090 _aT.C.271
_bH47 SAI
_c1999
245 1 0 _aReporte del viaje de estudios realizado a la zona bananera del estado de Tabasco /
_ccoordinador Arturo Hernández Montes ; colaborador Elizabeth Álvarez Medina...[et al.]
260 _aMéxico :
_bEl autor,
_c1999
300 _aiv, 117 hojas :
_bilustrados, tablas, gráficas, fotos
336 _2rdacontent
_atexto
_btxt
337 _2rdamedia
_asin medio
_bn
338 _2rdacarrier
_avolumen
_bnc
500 _aGrado : 6° año Grupo : 01
502 _aViaje de Estudios
_b(SAI) --
_cUACh. Departamento de Ingeniería Agroindustrial,
_d1999
504 _aBibliografía : hoja 66
650 1 3 _aPlatano
_989202
_xIndustria y comercio
650 1 3 _aPlantains (Fruit)
_9148777
_xIndustry and trade
700 1 _aHernández Montes, Arturo
_9148849
_ecoordinador
700 1 _aÁlvarez Medina, Elizabeth
_ecolaborador
_94941
901 _aT.C.271 H47 SAI 1999
902 _aM
905 _a5322271999 mx nm 8223123322spa16
942 _2local
942 _cVE
999 _c176682
_d176682